The rise and fall of Alexandria : (Record no. 247)

000 -LEADER
fixed length control field 01424cam a22003734a 4500
001 - CONTROL NUMBER
control field 14311852
003 - CONTROL NUMBER IDENTIFIER
control field OSt
005 - DATE AND TIME OF LATEST TRANSACTION
control field 20210419055248.0
008 - FIXED-LENGTH DATA ELEMENTS--GENERAL INFORMATION
fixed length control field 060323s2006 nyub b 001 0 eng
010 ## - LIBRARY OF CONGRESS CONTROL NUMBER
LC control number 2006044737
020 ## - INTERNATIONAL STANDARD BOOK NUMBER
International Standard Book Number 0670037974
040 ## - CATALOGING SOURCE
Original cataloging agency DLC
Transcribing agency DLC
Modifying agency DLC
042 ## - AUTHENTICATION CODE
Authentication code pcc
043 ## - GEOGRAPHIC AREA CODE
Geographic area code f-ua---
050 00 - LIBRARY OF CONGRESS CALL NUMBER
Classification number DT154.A4
Item number P65 2006
080 ## - UNIVERSAL DECIMAL CLASSIFICATION NUMBER
Universal Decimal Classification number 94
Item number P-80
082 00 - DEWEY DECIMAL CLASSIFICATION NUMBER
Classification number 932
Edition number 22
100 1# - MAIN ENTRY--PERSONAL NAME
Personal name Pollard, Justin,
Dates associated with a name 1968-
245 14 - TITLE STATEMENT
Title The rise and fall of Alexandria :
Remainder of title birthplace of the modern mind /
Statement of responsibility, etc. Justin Pollard and Howard Reid.
260 ## - PUBLICATION, DISTRIBUTION, ETC.
Place of publication, distribution, etc. New York :
Name of publisher, distributor, etc. Viking,
Date of publication, distribution, etc. 2006.
300 ## - PHYSICAL DESCRIPTION
Extent xix, 329 p. :
Other physical details map ;
Dimensions 24 cm.
365 ## - TRADE PRICE
Price amount 27.95 usd
504 ## - BIBLIOGRAPHY, ETC. NOTE
Bibliography, etc. note Includes bibliographical references (p. [309]-315) and index.
651 #0 - SUBJECT ADDED ENTRY--GEOGRAPHIC NAME
Geographic name Alexandria (Egypt)
General subdivision History.
651 #0 - SUBJECT ADDED ENTRY--GEOGRAPHIC NAME
Geographic name Alexandria (Egypt)
General subdivision Intellectual life.
653 ## - INDEX TERM--UNCONTROLLED
Uncontrolled term ისტორია
653 ## - INDEX TERM--UNCONTROLLED
Uncontrolled term ეგვიპტე, ალექსანდრია
700 1# - ADDED ENTRY--PERSONAL NAME
Personal name Reid, Howard.
856 42 - ELECTRONIC LOCATION AND ACCESS
Materials specified Contributor biographical information
Uniform Resource Identifier <a href="http://www.loc.gov/catdir/enhancements/fy0719/2006044737-b.html">http://www.loc.gov/catdir/enhancements/fy0719/2006044737-b.html</a>
856 42 - ELECTRONIC LOCATION AND ACCESS
Materials specified Publisher description
Uniform Resource Identifier <a href="http://www.loc.gov/catdir/enhancements/fy0719/2006044737-d.html">http://www.loc.gov/catdir/enhancements/fy0719/2006044737-d.html</a>
906 ## - LOCAL DATA ELEMENT F, LDF (RLIN)
a 7
b cbc
c orignew
d 1
e ocip
f 20
g y-gencatlg
942 ## - ADDED ENTRY ELEMENTS (KOHA)
Source of classification or shelving scheme
Koha item type Books
Holdings
Withdrawn status Lost status Source of classification or shelving scheme Damaged status Not for loan Permanent location Current location Date acquired Inventory number Full call number Barcode Date last seen Price effective from Koha item type
          Ken Walker International University Ken Walker International University 11/13/2020 250 94 P-80 250 11/13/2020 11/13/2020 Books

Powered by Koha